| 000 | 00865cam a2200265 i 4500 | ||
|---|---|---|---|
| 999 |
_c5054 _d5054 |
||
| 001 | 4570990 | ||
| 003 | GBCCL | ||
| 005 | 20241126110532.0 | ||
| 008 | 760807s1975 ph 001 0 eng | ||
| 010 | _a 74077132 | ||
| 040 |
_aDLC _cDLC _dDLC |
||
| 043 | _aa-ph--- | ||
| 050 | 0 | 0 |
_aHV4145.M36 _bJ62 |
| 082 | 0 | 0 |
_a301.441 _bJOC |
| 100 | 1 |
_aJocano, F. Landa. _99115 |
|
| 245 | 1 | 0 |
_aSlum as a way of life : _ba study of coping behavior in an urban environment / _cby F. Landa Jocano. |
| 260 |
_aQuezon City : _bUniversity of the Philippines Press, _c1975. |
||
| 300 |
_a203 p. ; _c24 cm. |
||
| 500 | _aIncludes index. | ||
| 650 | 0 |
_aSlums _zPhilippines _zManila. _99116 |
|
| 650 | 0 |
_aPoor _zPhilippines _zManila. _99117 |
|
| 650 | 0 |
_aUrban ecology (Sociology) _zPhilippines _zManila. _99118 |
|
| 906 |
_a7 _bcbc _corignew _d4 _eopcn _f19 _gy-gencatlg |
||
| 942 |
_2ddc _cBK _04 |
||